书目信息 |
| 题名: |
外国著名报纸概略
|
|
| 作者: | 王泰云 编著 | |
| 分册: | ||
| 出版信息: | 北京 新华出版社 1985 |
|
| 页数: | 293页 | |
| 开本: | 19cm | |
| 丛书名: | ||
| 单 册: | ||
| 中图分类: | G216 | |
| 科图分类: | ||
| 主题词: | 报纸--外国 | |
| 电子资源: | ||
| ISBN: | ||
| 000 | 00630nam0 2200241 45 | |
| 001 | 0185002984 | |
| 005 | 20040427110405.0 | |
| 010 | @dCNY1.20 | |
| 091 | @a7203.095 | |
| 100 | @a19900816d1985 k y0chiy0121 ea | |
| 101 | 0 | @achi |
| 102 | @aCN@b110000 | |
| 105 | @al z 000yy | |
| 106 | @ar | |
| 200 | 10 | @a外国著名报纸概略@Awai guo zhu ming bao zhi gai lue@f王泰云编著 |
| 210 | @a北京@c新华出版社@d1985 | |
| 215 | @a293页@d19cm | |
| 606 | @a报纸@y外国 | |
| 690 | @aG216@v3 | |
| 701 | 0 | @a王泰云@Awang tai yun@4编著 |
| 801 | 0 | @aCN@b深圳图书馆@c20040427 |
| 801 | 2 | @aCN@bNLC@c20040427 |
| 905 | @f6@b140891-896@dG216@e44 | |
| 外国著名报纸概略/王泰云编著.-北京:新华出版社,1985 |
| 293页;19cm |
| ISBN :CNY1.20 |
| ● |
| 相关链接 |
|
|
|
|
正题名:外国著名报纸概略
索取号:G216/44
 
预约/预借
| 序号 | 登录号 | 条形码 | 馆藏地/架位号 | 状态 | 备注 |
| 1 | 0140891 | 000495379 | 密集书库/ [索取号:G216/44] | 在馆 | |
| 2 | 0140892 | 000495404 | 密集书库/ [索取号:G216/44] | 在馆 | |
| 3 | 0140893 | 000495388 | 密集书库/ [索取号:G216/44] | 在馆 | |
| 4 | 0140894 | 000495397 | 密集书库/ [索取号:G216/44] | 在馆 | |
| 5 | 0140895 | 000496314 | 密集书库/ [索取号:G216/44] | 在馆 | |
| 6 | 0140896 | 000496305 | 密集书库/ [索取号:G216/44] | 在馆 | |
| 7 | 0140897 | 001763522 | 密集书库/ [索取号:G216/44] | 在馆 | |
| 8 | 0140898 | 001763648 | 密集书库/ [索取号:G216/44] | 在馆 | |
| 9 | 0140899 | 001763443 | 密集书库/ [索取号:G216/44] | 在馆 | |
| 10 | 0140900 | 000496323 | 第一样本阅览室/ [索取号:G216/44] | 在馆 |